000
00253nam a2200097Ia 4500
008
230915s9999 xx 000 0 und d
050
_a
SB 98 .L63 2014
100
_a
FINCH,H.J.S.
245
0
_a
LOCKHART & WISEMMAN'S CROP HUSBANDRY GRASSLAND
942
_c
BK
999
_c
201671
_d
201671